000 00589nam a22002177a 4500
003 UA-OsUOA
001 86858
007 ta
008 20120912b un ||||| |||| 00| 0 ukr d
090 _a94(470)
942 _cBK
040 _aUA-OsUOA
_brus
_cUA-OsUOA
_dUA-OsUOA
245 _aДокументы опровергают. Против фальсификации истории русско-китайских отношений
300 _a511 с.
955 _a4
041 _arus
080 _a94(470)
260 _aМ.
_bМысль
_c1982
650 7 _2UDC
999 _c373027
_d373027